Trenerzy Arsenalu Londyn - nagła śmierć - Statystyki

Ogólne statystyki
  • Ten quiz został rozwiązany 154 razy
  • Średni wynik to 5 z 6
Answers on the Grid
Answers color-coded by a green-red scale on the quiz's grid according to % correct below.
Mikel Arteta
Joachim Löw
Arsène Wenger
Pep Guardiola
Xabi Alonso
Paulo Sousa
Luciano Spalletti
Unai Emery
Nuno Espírito Santo
Freddie Ljungberg
Antoni Piechniczek
Pat Rice
Xavi
Stefano Pioli
George Graham
Massimiliano Allegri
 
Statystyki odpowiedzi
Odpowiedź % Poprawnych
Mikel Arteta
99%
Arsène Wenger
98%
Unai Emery
88%
Freddie Ljungberg
77%
Pat Rice
70%
George Graham
69%
Nie znaleziono quizów pasujących do podanych kryteriów
Rozkład punktacji
Procent ludzi z każdym wynikiem
Percentyl według liczby udzielonych odpowiedzi
Twoja historia wyników
Nie rozwiązałeś tego quizu